00327nam a22000977a 4500008004100000082001500041100001800056245009400074260005200168300000900220230619b xxu||||| |||| 00| 0 eng d a301.1bJAH cGustav Jahoda aWhite ManbA study of the attitudes of africans to Europeans in Ghana before independence aLondon, NY AccrabOxford university Pressc1961 a144p